| 000 | 00747nam a22002177a 4500 | ||
|---|---|---|---|
| 999 |
_c175249 _d175249 |
||
| 005 | 20200819142728.0 | ||
| 010 | _aENG-128354 | ||
| 020 |
_c499.00 _a9789353944933 |
||
| 035 | _aEN-111886 | ||
| 037 | _bDBAD/PUB | ||
| 082 | _a001.4226 | ||
| 100 | _aO' Connor, Errin | ||
| 245 |
_aMicrosoft Power BI Dashboards: _cby Errin O' Connor _bStep by Step/ |
||
| 260 |
_aNoida _bPearson India _c2019 |
||
| 270 |
_a15th floor,Tower-B,Word Trade Tower,Plot no.1,Block-C sec 16, _bNoida _e201301 _k04466540100 _mcompanysecretary.india@pearson.com |
||
| 300 |
_a296p. _c23cm(pbk) |
||
| 490 | _a1st edition | ||
| 500 | _aPower BI business analysis dashboards | ||
| 650 | _aBusiness Analysis Dashboards | ||
| 942 |
_2ddc _cEN _h001.4226 _mCON |
||